Statistiques concernant Animes les plus populaires par année

Cliquez ici pour prendre le quiz!

Statistiques générales

  • Ce quiz a été pris 1 238 fois
  • Le résultat moyen est 36 sur 140

Statistiques - réponses

#Réponse% Correct
2.8MNaruto
95%
2.5MNaruto Shippuden
95%
2.3MOne Piece
95%
628kDragon Ball GT
88%
3.9MShingeki no Kyojin
81%
2.7MShingeki no Kyojin saison 2
81%
2.3MShingeki no Kyojin saison 3
81%
2.3MShingeki no Kyojin saison 3 part 2
81%
2.0MShingeki no Kyojin The Final Saison
81%
625kShingeki no Kyojin The Final Saison : Kanketsu-hen
81%
1.3MShingeki no Kyojin The Final Saison : part 2
81%
2.5MJujutsu Kaisen
80%
3.0MKimetsu no Yaiba
80%
791kKimetsu no Yaiba : Katanakaji no Sato-hen
80%
1.5MKimetsu no Yaiba Movie : Mugen Ressha-hen
80%
1.4MKimetsu no Yaiba : Yuukaku-hen
80%
876kJujutsu Kaisen saison 2
78%
3.0MMy Hero Academia
72%
2.5MMy Hero Academia saison 2
72%
2.2MMy Hero Academia saison 3
72%
1.2MMy Hero Academia saison 5
72%
2.0MBleach
71%
588kHunter X Hunter
66%
2.8MHunter X Hunter (2011)
66%
3.9MDeath Note
63%
2.8MTokyo Ghoul
56%
1.7MFairy Tail
54%
3.2MOne Punch Man
52%
1.8MTokyo Ghoul √A
49%
2.0MAssassination Classroom
47%
1.2MTokyo Revengers
45%
1.5MFullMetal Alchemist
44%
1.6MBlack Clover
42%
3.1MSword Art Online
39%
1.5MChainsaw Man
38%
653kKenpuu Denki Berserk
38%
1.5MSpy x Family
36%
1.7MDr. Stone
35%
822kGreat Teacher Onizuka
33%
347kDetective Conan
31%
1.7MJojo's Bizarre Adventure
30%
260kNeon Genesis Evangelion : Death & Rebirth
29%
925kNeon Genesis Evangelion : The End of Evangelion
29%
2.2MCode Geass : Hangyaku no Lelouch
28%
1.8MCode Geass : Hangyaku no Lelouch R2
28%
1.6MFood Wars
27%
763kOshi no Ko
25%
2.0MThe Promised Neverland
25%
2.2MYour Lie in April
23%
2.7MYour Name
23%
2.1MErased
22%
2.2MRe Zero
20%
1.1MRe : Zero saison 2
20%
1.9MBlue Exorcist
19%
113kSailor Moon Sailor Stars
19%
1.1MMonster
18%
1.9MCowboy Bebop
17%
375kCowboy Bebop : The movie
17%
1.1MGintama
17%
1.2MBlack Butler
16%
1.5MKakegurui
16%
2.4MNo Game No Life
15%
2.5MSteins;Gate
15%
1.8MViolet Evergarden
15%
1.8MDeath Parade
14%
1.3MKaguya Sama : Love is War! Saison 2
14%
587kHajime no Ippo
13%
2.2MNoragami
13%
395kYu Gi Oh! Duel Monster
13%
2.1MAkame Ga Kill!
12%
2.3MA Silent Voice
12%
3.3MFullMetal Alchemist Brotherhood
12%
654kHell's Paradise
12%
2.1MAngel Beats
11%
1.4MHorimiya
11%
1.7MKill la Kill
11%
1.3MMushoku Tensei : isekai ittara honki dasu
11%
1.6MSoul Eater
11%
1.7MAnother
10%
1.6MDarling in the Franxx
10%
693kK-On!!
10%
1.0MK-On!
10%
2.0MMirai Nikki
10%
1.6MPsycho Pass
10%
1.7MRacal Does Not Dream of Bunny Girl Senpai
10%
537kFruits Basket
9%
1.8MLe voyage de Chihiro
9%
1.0MBlack Lagoon
8%
1.4MHigh School DxD
8%
1.5MKonosuba saison 2
8%
1.3MLe Chateau Ambulant
8%
2.2MToradora!
8%
1.4MClannad
7%
1.2MSamurai Champloo
7%
1.6MTengen Toppa Gurren Lagann
7%
1.2MClannad : After Story
6%
1.5MElfen Lied
6%
1.7MKaguya Sama : Love is War!
6%
1.0MMy Dress-Up Darling
6%
977kRent a Girlfriend
6%
1.6MAnohana
5%
1.5MHighschool of the Dead
5%
1.2MKaichou wa Maid-sama!
5%
759kTrigun
5%
1.4MBakemonogatari
4%
1.4MDurarara!!
4%
723kHellsing
4%
218kInitial D Second Stage
4%
794kInuYasha
4%
494kKenshin le Vagabond
4%
275kKenshin le Vagabond : Le chapitre de la mémoire
4%
825kMushishi
4%
395kGhost in The Shell : Stand Alone Complex
3%
1.2MPrincess Mononoke
3%
365kShaman King
3%
376kBlood+
2%
819kFLCL
2%
941kKimi ni Todoke
2%
436kCardcaptor Sakura
1%
481kChobits
1%
944kDarker Than Black
1%
495kFull Metal Panic!
1%
295kFull Metal Panic? Fumoffu
1%
1.2MKyoukai no Kanata
1%
1.4MMy Teen Romantic Comedy SNAFU
1%
1.1MOuran High School Host Club
1%
703kPerfect Blue
1%
770kSerial Experiments Lain
1%
535kShakugan no Shana
1%
939k5 Centimeters per second
0%
357kAzumanga Daiou The Animation
0%
435kEureka Seven
0%
359kHell Girl
0%
314kKino's Journey
0%
266kLove Hina
0%
157kTeenku no Escaflowne
0%
1.6MThe Devil is a Part Timer
0%
292kTokyo Godfathers
0%
218kUtena la fillette révolutionnaire
0%
327kWolf's Rain
0%

Distribution des résultats

Percentile par nombre de réponses

% des personnes avec chaque résultat

Votre développement - résultats

Vous n’avez pas pris ce quiz